Statistics for SAT Words HARD Click Quiz - S #1

Click here to take the quiz!

General Stats

  • This quiz has been taken 114 times
  • The average score is 12 of 15

Answer Stats

HintAnswer% Correct
Inviolable, sacredSacrosanct
93%
Sheath for a sword or knifeScabbard
91%
Nervous or easily frightenedSkittish
90%
A person who flatters others for personal gainSycophant
90%
An act of deceiving or hiding somethingSubterfuge
89%
Lively, energeticSprightly
88%
The highest degree; the bestSuperlative
86%
Untidy because of laziness, slovenlySlatternly
84%
Thin and weak, often unsteadySpindly
81%
One of a kind; uniqueSui generis
77%
Dull and conservativeStodgy
74%
Slender and graceful; slimSvelte
74%
Nickname or familiar name for a personSobriquet
68%
Assistance in time of need; reliefSuccor
68%
Long, ranting speech or writingScreed
62%

Score Distribution

Percentile by Number Answered

Percent of People with Each Score

Your Score History

You have not taken this quiz